| 000 | 00527nam a22001577a 4500 | ||
|---|---|---|---|
| 999 |
_c534672 _d534672 |
||
| 020 | _qHard Cover. | ||
| 082 | _a307.1 | ||
| 100 | _aJaved, Amna | ||
| 245 |
_aVisitors’ perception of outdoor recreational facilities in Murree . _cAmna Javed. |
||
| 260 |
_aIslamabad : _bNIT - NUST, _c2015. |
||
| 300 |
_aix, 76 p. ill : _c30cm. |
||
| 942 |
_2ddc _cTHE |
||
| 650 |
_aUrban and Regional Planning - MS Thesis. _916266 |
||
| 700 |
_aAsstt. Prof. Dr. Asghar Naeem. _928976 |
||